Probability theory : basic concepts, limit theorems, random processes

Αποθηκεύτηκε σε:
Λεπτομέρειες βιβλιογραφικής εγγραφής
Κύριοι συγγραφείς: Prokhorov, IU. V. (IUrii Vasilʹevich), Rozanov, IU. A. (IUrrii Anatolevich), 1934- (Συγγραφέας)
Άλλοι συγγραφείς: Krickeberg, Klaus (Μεταφραστής)
Μορφή: Βιβλίο
Γλώσσα:English
Russian
Δημοσίευση: Berlin : Springer-Verlag, 1969.
Σειρά:Grundlehren der mathematischen Wissenschaften in Einzeldarstellungen mit besonderer Berucksichtigung der Anwendungsgebiete ; 157
Θέματα:
Ετικέτες: Προσθήκη ετικέτας
Δεν υπάρχουν, Καταχωρήστε ετικέτα πρώτοι!

MARC

LEADER 00000cam a2200000 i 4500
001 1/27829
008 960503s1969 gw | ||| |||| ||eng||
035 |a 1995  |l 10037921 
040 |a GR-MyUa  |b gre  |e AACR2 
041 1 |a eng  |h rus 
082 7 |a 519.2   |2 (22) 
100 1 |a Prokhorov, IU. V.   |q (IUrii Vasilʹevich) 
245 1 0 |a Probability theory :   |b basic concepts, limit theorems, random processes /   |c Yu. V. Prohorov, Yu.A. Rozanov ; translated by K. Krickeberg and H. Urmitzer.  
260 |a Berlin :   |b Springer-Verlag,   |c 1969.  
300 |a 401 σ. ;   |c 24 εκ. 
490 1 |a (Grundlehren der mathematischen Wissenschaften in Einzeldarstellungen mit besonderer Berucksichtigung der Anwendungsgebiete ;   |v 157)  
500 |a Τίτλος πρωτοτύπου: Teorija Verojatnoste. 
504 |a Περιέχει βιβλιογραφικές αναφορές και ευρετήριο. 
650 0 |a Probabilities. 
650 0 |a Limit theorems (Probability theory) 
650 0 |a Stochastic processes. 
700 1 |a Rozanov, IU. A.   |q (IUrrii Anatolevich),   |d 1934-  |e aut 
700 1 |a Krickeberg, Klaus,  |e trl 
830 0 |a Grundlehren der mathematischen Wissenschaften in Einzeldarstellungen mit besonderer Berucksichtigung der Anwendungsgebiete ;  |v 157 
852 |a INST  |b SAMOS  |e 19960503  |h 519.2 PRO  |p 005300005167  |q 005300005167  |t BK  |y 0